Elaboracion y uso de modelos para la enseñanza (Record no. 12718)

MARC details
000 -LEADER
campo de control de longitud fija 00323nam a2200109Ia 4500
008 - DATOS DE LONGITUD FIJA--INFORMACIÓN GENERAL
campo de control de longitud fija 231129s9999||||xx |||||||||||||| ||spa||
082 ## - NÚMERO DE LA CLASIFICACIÓN DECIMAL DEWEY
Número de clasificación 371.3078 / M494e
100 ## - ENTRADA PRINCIPAL--NOMBRE DE PERSONA
Nombre de persona Meeks Martha F.
245 #0 - MENCIÓN DEL TÍTULO
Título Elaboracion y uso de modelos para la enseñanza
264 ## - PRODUCCIÓN, PUBLICACIÓN, DISTRIBUCIÓN, FABRICACIÓN Y COPYRIGHT
Producción, publicación, distribución, fabricación y copyright Pax-Mexico-Centro Regional de Ayuda Tecnica
942 ## - ELEMENTOS DE ENTRADA SECUNDARIOS (KOHA)
Fuente del sistema de clasificación o colocación Clasificación Decimal Dewey
Tipo de ítem Koha
Holdings
Estatus retirado Estado de pérdida Fuente del sistema de clasificación o colocación Estado de daño No para préstamo Biblioteca de origen Biblioteca actual Fecha de adquisición Total de préstamos Signatura topográfica completa Código de barras Visto por última vez Fecha del último préstamo Copia número Precio de reemplazo Tipo de ítem Koha
    Clasificación Decimal Dewey     BIBLIOTECA PÚBLICA MUNICIPAL RAMON CORREA MEJIA BIBLIOTECA PÚBLICA MUNICIPAL RAMON CORREA MEJIA 09/07/2009 1 371.3078 / M494e 10822 15/11/2025 15/11/2025 1 29/11/2023 Libros

Powered by Koha